Normal view
MARC view
Entry Personal Name
001 - CONTROL NUMBER
- control field: 56115
003 - CONTROL NUMBER IDENTIFIER
- control field: dpl
005 - DATE AND TIME OF LATEST TRANSACTION
- control field: 20230911104405.0
008 - FIXED-LENGTH DATA ELEMENTS
- fixed length control field: 230911|| aca||aabn | a|a d
040 ## - CATALOGING SOURCE
- Original cataloging agency: dpl
- Transcribing agency: dpl
100 ## - HEADING--PERSONAL NAME
- Personal name: Kurmi, Kurush
670 ## - SOURCE DATA FOUND
- Source citation: Work cat.: (dpl)196917: Kukarni, P.H 56113, Cancer And Ayurveda /, 2015
